NLSUI OPAC header image

Law's empire (Record no. 16720)

MARC details
000 -LEADER
fixed length control field 00562nam a2200217Ia 4500
003 - CONTROL NUMBER IDENTIFIER
control field OSt
005 - DATE AND TIME OF LATEST TRANSACTION
control field 20210904151041.0
008 - FIXED-LENGTH DATA ELEMENTS--GENERAL INFORMATION
fixed length control field 160316s1986 xxu||||| |||| 00| 0 eng d
020 ## - INTERNATIONAL STANDARD BOOK NUMBER
International Standard Book Number 9780674518360
040 ## - CATALOGING SOURCE
Transcribing agency n
082 ## - DEWEY DECIMAL CLASSIFICATION NUMBER
Classification number 340.100000
Item number DWO
100 ## - MAIN ENTRY--PERSONAL NAME
Personal name Dworkin Ronald
245 ## - TITLE STATEMENT
Title Law's empire
260 ## - PUBLICATION, DISTRIBUTION, ETC.
Place of publication, distribution, etc. Oxford
Name of publisher, distributor, etc. Hart Publishing
Date of publication, distribution, etc. 1986
300 ## - PHYSICAL DESCRIPTION
Extent 470p
365 ## - TRADE PRICE
Price amount Rs.764.90
505 ## - FORMATTED CONTENTS NOTE
Formatted contents note Table of contents<br/>1. What Is Law;<br/>Why It Matters
650 ## - SUBJECT ADDED ENTRY--TOPICAL TERM
Topical term or geographic name entry element 1. Law - General2. Legal Theory3. Jurisprudence
700 ## - ADDED ENTRY--PERSONAL NAME
Personal name
--
942 ## - ADDED ENTRY ELEMENTS (KOHA)
Source of classification or shelving scheme Dewey Decimal Classification
Koha item type BOOKs
Holdings
Withdrawn status Lost status Damaged status Not for loan Home library Current library Shelving location Date acquired Cost, normal purchase price Total Checkouts Full call number Barcode Date last seen Date last checked out Price effective from Koha item type
        . . Library Compactors 30.05.2017 764.90 2 340.1 DWO 16460 01.01.2024 29.12.2023 30.05.2017 BOOKs